Teorija soudarenij tverdych tel /

Na minha lista:
Detalhes bibliográficos
Autor principal: Kiľčevskij, Nikolaj Aleksandrovič (Author)
Formato: Livro
Idioma:russo
Publicado em: Kijev : Naukova dumka, 1969
Assuntos:
Tags: Adicionar Tag
Sem tags, seja o primeiro a adicionar uma tag!

MARC

LEADER 00000nam a22000003a 4500
001 stu37722
005 20150617225729.2
008 920819s1969----xxr-----------------rus-d
040 |a STU  |b slo 
041 0 |a rus 
044 |a xxr 
080 |a 539.2 
100 1 |a Kiľčevskij, Nikolaj Aleksandrovič  |4 aut 
245 1 |a Teorija soudarenij tverdych tel /  |c [aut.]N.A. Kiľčevskij 
260 |a Kijev :  |b Naukova dumka,  |c 1969 
300 |a 245 s 
650 7 |a fyzika tuhých látok  |2 stusub 
996 |b 284M015113  |c M*3010-1  |l MMKN  |s A  |a 24  |w stu37722_0001